La formación del personal docente para la educación en población: una guía práctica
Uloženo v:
| Médium: | Kniha |
|---|---|
| Jazyk: | španělština |
| Vydáno: |
París
Unesco
1984
|
| Témata: | |
| Tagy: |
Přidat tag
Žádné tagy, Buďte první, kdo vytvoří štítek k tomuto záznamu!
|
MARC
| LEADER | 00000nam a2200000 a 4500 | ||
|---|---|---|---|
| 001 | UCW5576 | ||
| 003 | CL-VaPUC | ||
| 008 | 910612e19840000FR |||||||||||||||||spa|d | ||
| 082 | 0 | 4 | |a 370.71 |b FOR |2 21 |
| 245 | 1 | 3 | |a La formación del personal docente para la educación en población: una guía práctica |
| 300 | |a 207 p | ||
| 942 | |c BK | ||
| 945 | |d 19910612 00:00:00 | ||
| 260 | |a París |b Unesco |c 1984 | ||
| 650 | 0 | |a Formación profesional de profesores |9 307493 | |
| 583 | |a last modification |c 19910612 00:00:00 |k Rodrigo Vera | ||
| 999 | |c 218969 |d 218967 | ||
| 952 | |0 0 |1 0 |4 0 |6 370_710000000000000_FOR_1984 |7 0 |8 A |9 209363 |a BIBEDU |b BIBEDU |c ES_NOD |d 2019-11-15 |i 2771977 |o 370.71 FOR 1984 |p 2771977 |r 2023-08-09 |w 2019-11-15 |y BK |k EDU | ||